| 000 | 00707nam a2200241 4500 | ||
|---|---|---|---|
| 001 | 6064 | ||
| 010 | _a9722104330 | ||
| 090 | _a6064 | ||
| 100 | _a20211231d1989 m||y0pory5003 ba | ||
| 200 | 1 |
_aO passeio do papagaio de papel _fJaqueline Loumaye _gPascale Meert _gAntónio Pescada |
|
| 210 |
_aLisboa _cCaminho _d1989 |
||
| 215 |
_a[24] p. _cil. _d25 cm |
||
| 225 | 2 | _aComeço a ler | |
| 606 |
_914 _aLiteratura infantil |
||
| 606 |
_913 _aLiteratura Estrangeira |
||
| 675 |
_a82-93 _vBN _zpor |
||
| 675 |
_a821.1/.8 _vBN _zpor |
||
| 700 |
_aLoumaye _bJacqueline _95770 |
||
| 702 |
_aMeert _bPascale _95771 |
||
| 702 |
_aPescada _bAntónio _91181 |
||
| 801 | 0 |
_aPT _bBMVN _gRPC |
|
| 830 |
_cAna Caetano _d31/12/2021 |
||
| 990 | _cLIVROS | ||